000 00401nam a2200157Ia 4500
008 210210b1995 xxu||||| |||| 00| 0 eng d
020 _a0333 92934 9
082 _a635 RAOT
100 _aRAO (K Manibhushan).
245 _aTextbook of horticulture.
260 _aDelhi.
_bMacmillan India Ltd.
_c1995
300 _axxi,297
650 _aHorticulture
690 _aOrchard Crops
906 _a054127
999 _c102402
_d102402